| 000 | 00581nam a2200193 i 4500 | ||
|---|---|---|---|
| 001 | 94469 | ||
| 003 | ES-MaACL | ||
| 005 | 20230906181501.0 | ||
| 007 | t| | ||
| 008 | 050504s1932 sp ||||1| spa d | ||
| 100 | 1 |
_aLorenzo Pardo, Manuel. _974190 |
|
| 245 | 1 | 3 |
_aLa conquista del Ebro / _cLorenzo Pardo Manuel ; prólogo de Darío Pérez. |
| 260 |
_aZaragoza : _bHeraldo de Aragón, _c1932. |
||
| 300 |
_a314 p. ; _c18 cm. |
||
| 650 | 4 |
_aEbro (España, Río)- _xAprovechamiento. _9212510 |
|
| 700 | 1 |
_aPérez, Darío. _990565 |
|
| 852 |
_aES-MaACL _jA-975 |
||
| 999 |
_c94469 _d94469 |
||